| 000 | 00000cas 2200000za 4500 |
| 001 | 9.849724 |
| 003 | CaOODSP |
| 005 | 20260417102220 |
| 007 | cr cn |||||||| |
| 008 | 180109c20189999quc x m o f0 0eng|d |
| 040 | |aCaOODSP|beng |
| 043 | |an-cn--- |
| 086 | 1 |aTU3-11E-PDF |
| 130 | 0 |aRail transportation safety investigation brief. |
| 245 | 10|aRail transportation safety investigation brief |h[electronic resource] |
| 246 | 13|aRail transportation safety investigation report|f2018- |
| 246 | 13|aRailway transportation safety investigation report |
| 260 | |aGatineau, Quebec : |bTransportation Safety Board of Canada, |c2018- |
| 310 | |aIrregular |
| 500 | |aIssued also in French under title: Bilan d’enquête de sécurité de transport ferroviaire. |
| 500 | |aTitle changed with report R17Q0088. |
| 650 | 0|aRailroad accidents|xInvestigation|zCanada. |
| 710 | 2 |aTransportation Safety Board of Canada. |
| 775 | 08|tBilan d’enquête de sécurité de transport ferroviaire |w(CaOODSP)9.849727 |